| 000 | 00000cas 2200000za 4500 |
| 001 | 9.862997 |
| 003 | CaOODSP |
| 005 | 20251212084134 |
| 007 | cr ||||||||||| |
| 008 | 181010c20169999oncar p o f0###a0eng|d |
| 040 | |aCaOODSP|beng |
| 043 | |an-cn--- |
| 086 | 1 |aRv1-36E-PDF|zRv47-7/2016E-PDF |
| 245 | 00|aCanada Child Benefit and related provincial and territorial programs |h[electronic resource]. |
| 246 | 3 |iIssues 2021/2022 - have title: |aCanada Child Benefit and related federal, provincial and territorial programs |
| 260 | |a[Ottawa] : |bCanada Revenue Agency, |c2016- |
| 310 | |aAnnual |
| 362 | 1 |aBegan with 2016. |
| 500 | |aIssued also in French under title: Allocation canadienne pour enfants et les programmes provinciaux et territoriaux connexes |
| 500 | |aCover title. |
| 692 | 07|2gccst|aChild support |
| 692 | 07|2gccst|aGovernment services |
| 710 | 2 |aCanada Revenue Agency. |
| 775 | 08|tAllocation canadienne pour enfants et les programmes provinciaux et territoriaux connexes |w(CaOODSP)9.862998 |
| 986 | |aT4114(E) |